000 00420nam a2200181Ia 4500
005 20250603145836.0
008 250603s9999 xx 000 0 und d
020 _a9782508334
050 _aQA 76.73 .C15 .S56/
100 _aShola, P. B.
245 4 _aThe c- language and programming
260 _aIbadan
260 _bReflect Publishers
260 _c2006
300 _a402 p
650 _aIbadan
942 _cBK
999 _c43017
_d43017